[Event "Marmotte chess  3"]
[Site "www.echecsemail.com"]
[Date "2026.01.25"]
[Round "1"]
[White "Nuageblanc"]
[Black "Qsdmlk"]
[WhiteElo "1580"]
[BlackElo "1560"]
[Result "1-0"]
1.e4 e5
2.Bf1c4 Ng8f6
3.d3 Bf8c5
4.Bc1e3 Bc5b4
5.c3 Bb4a5
6.Ng1f3 d6
7.O-O h6
8.a3 O-O
9.Bc4a2 Bc8g4
10.Nb1d2 Nb8d7
11.Qd1c2 c5
12.h3 Bg4h5
13.Rf1e1 d5
14.exd5 Nf6xd5
15.Ba2xd5 Nd7f6
16.Bd5a2 Qd8d6
17.Nf3h4 Ra8c8
18.Nd2c4 Qd6d5
19.Nc4xa5 c4
20.Na5xc4 Qd5c6
21.Nh4f5 Qc6e6
22.Nc4d6 Rc8c7
23.Ba2xe6 fxe6
24.Qc2b3 g6
25.Qb3xe6 Kh8
26.Nf5xh6 Kg7
27.Be3d2 Rc7d7
28.Qe6xe5 Kh7
29.g4 Bh5xg4
30.hxg4 Rf8g8
31.Nh6xg8 Nf6xg8
32.g5 Rd7e7
33.Qe5xe7 Ng8xe7
34.Re1xe7 Kg8
35.Kg2 { abandon }1-0

[Event "Défi"]
[Site "www.echecsemail.com"]
[Date "2026.01.25"]
[Round "1"]
[White "Sarkus"]
[Black "Plaisance"]
[WhiteElo "2050"]
[BlackElo "1940"]
[Result "1-0"]
1.e4 e6
2.d4 d5
3.exd5 exd5
4.h3 Bf8d6
5.Ng1f3 h6
6.c4 Ng8f6
7.c5 Bd6e7
8.Nb1c3 O-O
9.Bf1d3 b6
10.Bc1e3 Rf8e8
11.b4 Bc8a6
12.b5 Ba6c8
13.c6 a6
14.a4 Be7b4
15.Qd1b3 Bb4xc3
16.Qb3xc3 axb5
17.axb5 Ra8xa1
18.Qc3xa1 Qd8d6
19.O-O Nf6e4
20.Nf3e5 Bc8f5
21.Rf1e1 f6
22.Ne5f3 Bf5h7
23.Nf3d2 Nb8xc6
24.Nd2xe4 dxe4
25.Bd3c4 Kh8
26.bxc6 Qd6xc6
27.Re1c1 Qc6d6
28.Bc4b5 Re8d8
29.Qa1c3 Rd8c8
30.Bb5a6 Rc8a8
31.Ba6b7 Ra8a7
32.Qc3xc7 Qd6xc7
33.Rc1xc7 Bh7g8
34.d5 Bg8xd5
35.Rc7c8 Bd5g8
36.Bb7d5 { abandon }1-0

[Event "Tournoi n27354"]
[Site "www.echecsemail.com"]
[Date "2026.01.25"]
[Round "1"]
[White "Aramis"]
[Black "Panchoa"]
[WhiteElo "1560"]
[BlackElo "1580"]
[Result "1/2-1/2"]
1.e4 e5
2.Ng1f3 Nb8c6
3.Bf1c4 Bf8e7
4.c3 Ng8f6
5.d3 a6
6.Nf3g5 O-O
7.Qd1b3 d5
8.exd5 Nc6a5
9.Qb3c2 Na5xc4
10.b3 Nc4d6
11.O-O Nf6xd5
12.Ng5e4 b6
13.Nb1d2 Nd6f5
14.Nd2f3 Be7f6
15.a3 Bc8b7
16.Ra1b1 b5
17.b4 a5
18.d4 Qd8e7
19.dxe5 Bf6xe5
20.Bc1b2 a4
21.Ne4c5 Bb7c6
22.Qc2xf5 g6
23.Qf5xe5 Qe7xe5
24.Nf3xe5 Bc6e8
25.Nc5d3 Ra8d8
26.g3 f6
27.Ne5g4 Nd5xc3
28.Bb2xc3 Rd8xd3
29.Bc3xf6 Rf8f7
30.Ng4h6 Kf8
31.Nh6xf7 Kxf7
32.Bf6b2 Be8c6
33.f4 Rd3d2
34.Rf1f2 Rd2d3
35.Rb1c1 Bc6d5
36.Rc1xc7 Ke6
37.Rc7xh7 Rd3d1
38.Rf2f1 Rd1d2
39.Rf1f2 Rd2d1
40.Rf2f1 Rd1d2
41.Rf1f2 Rd2d1
1/2-1/2

[Event "Eq:modesty-Fair play :"]
[Site "www.echecsemail.com"]
[Date "2026.01.25"]
[Round "1"]
[White "Mb2021"]
[Black "Mpatruyo"]
[WhiteElo "2100"]
[BlackElo "2420"]
[Result "0-1"]
1.d4 e6
2.c4 f5
3.Nb1c3 Ng8f6
4.Bc1g5 h6
5.Bg5xf6 Qd8xf6
6.e4 fxe4
7.Nc3xe4 Bf8b4
8.Ne4c3 O-O
9.Ng1f3 b6
10.Bf1e2 Bc8b7
11.O-O Bb4xc3
12.bxc3 d6
13.Qd1d3 Nb8d7
14.Ra1e1 Ra8e8
15.Be2d1 e5
16.dxe5 Nd7xe5
17.Nf3xe5 dxe5
18.Bd1b3 c5
19.Bb3c2 e4
20.Qd3e3 Bb7a6
21.Bc2b3 Qf6g6
22.Qe3g3 Qg6f7
23.Re1e3 Ba6xc4
24.Bb3xc4 Qf7xc4
25.Rf1e1 Qc4xa2
26.h3 a5
27.Re3xe4 Re8xe4
{ abandon }0-1

[Event "Tournoi n27005"]
[Site "www.echecsemail.com"]
[Date "2026.01.25"]
[Round "1"]
[White "Dedechecs"]
[Black "Prize640"]
[WhiteElo "2180"]
[BlackElo "2230"]
[Result "0-1"]
1.e4 c5
2.Nb1c3 e6
3.Ng1f3 Nb8c6
4.d4 cxd4
5.Nf3xd4 Qd8c7
6.Bc1e3 a6
7.Bf1e2 Ng8f6
8.f3 b5
9.a3 Bc8b7
10.Qd1d2 b4
11.axb4 Bf8xb4
12.O-O O-O
13.Be3g5 Nc6xd4
{ abandon }0-1

[Event "Transval 3"]
[Site "www.echecsemail.com"]
[Date "2026.01.25"]
[Round "1"]
[White "Petitlulu64"]
[Black "Woluwe1975"]
[WhiteElo "1690"]
[BlackElo "1640"]
[Result "1-0"]
1.d4 Ng8f6
2.Ng1f3 g6
3.Nb1c3 Bf8g7
4.e4 d6
5.Bf1e2 O-O
6.O-O e5
7.d5 h6
8.Bc1e3 Nf6g4
9.Be3d2 f5
10.exf5 Bc8xf5
11.h3 Ng4f6
12.Be2c4 Nf6e4
13.Bc4e2 Nb8d7
14.Nf3h2 Nd7f6
15.Be2f3 Ne4xc3
16.Bd2xc3 e4
17.Bf3g4 Bf5d7
18.Bg4xd7 Qd8xd7
19.f3 Ra8e8
20.fxe4 Nf6xe4
21.Rf1xf8 Re8xf8
22.Bc3xg7 Kxg7
23.Qd1d4 Ne4f6
24.Nh2g4 h5
25.Ng4xf6 Rf8xf6
26.Ra1e1 a6
27.Re1e6 Qd7f7
28.c4 b6
29.b4 g5
30.a4 Kg6
31.Qd4e4 Kg7
32.Re6e7 Qf7xe7
33.Qe4xe7 Rf6f7
34.Qe7xg5 Kf8
35.Qg5xh5 { abandon }1-0

[Event "Tournoi n27394"]
[Site "www.echecsemail.com"]
[Date "2026.01.25"]
[Round "1"]
[White "Vb83"]
[Black "Jipepe"]
[WhiteElo "1450"]
[BlackElo "1430"]
[Result "0-1"]
1.e4 e5
2.Ng1f3 d6
3.Bf1c4 Ng8f6
4.O-O Nb8c6
5.d4 d5
6.exd5 Nf6xd5
7.Rf1e1 Bf8d6
8.Bc4xd5 O-O
9.Nb1c3 exd4
10.Nf3xd4 Qd8h4
11.h3 Nc6xd4
12.Nc3e4 Bd6e5
13.Ne4c5 Rf8e8
14.c3 Bc8xh3
15.cxd4 Be5xd4
16.Re1xe8 Ra8xe8
17.g3 Qh4f6
18.Qd1d2 Bd4xc5
19.Bd5xb7 Re8d8
20.Bb7d5 Bh3e6
21.Qd2c3 Qf6xf2
22.Kh1 Qf2g1
0-1

[Event "Coupe Niveau 2"]
[Site "www.echecsemail.com"]
[Date "2026.01.25"]
[Round "1"]
[White "Panchoa"]
[Black "Bertelsen"]
[WhiteElo "1630"]
[BlackElo "1690"]
[Result "1-0"]
1.e4 e5
2.Ng1f3 d6
3.Nb1c3 Ng8f6
4.Bf1c4 h6
5.O-O Bf8e7
6.Nc3d5 c6
7.Nd5xe7 Qd8xe7
8.Rf1e1 Bc8g4
9.Re1e3 Nb8d7
10.d4 b5
11.Bc4e2 Bg4e6
12.dxe5 Nd7xe5
13.Bc1d2 a5
14.Bd2c3 Qe7b7
15.Qd1xd6 Ne5xf3
16.Re3xf3 Ra8d8
17.Qd6e5 b4
18.Bc3d4 O-O
19.Rf3g3 Kh7
20.Bd4e3 Nf6e8
21.b3 Qb7b8
22.Qe5h5 Rf8g8
23.e5 Qb8c7
24.Be2d3 Rd8xd3
25.cxd3 f5
26.Qh5g6 { abandon }1-0

[Event "Coupe Niveau 2"]
[Site "www.echecsemail.com"]
[Date "2026.01.25"]
[Round "1"]
[White "Domenico"]
[Black "Woluwe1975"]
[WhiteElo "1790"]
[BlackElo "1640"]
[Result "1/2-1/2"]
1.e4 e6
2.Bf1c4 d5
3.exd5 exd5
4.Bc4e2 Ng8f6
5.d4 h6
6.Ng1f3 Bf8d6
7.O-O O-O
8.Bc1e3 Rf8e8
9.b3 c6
10.c4 Nf6e4
11.cxd5 cxd5
12.Be2d3 f5
13.Qd1c1 Bc8d7
14.Nb1c3 Bd7c6
15.Nc3a4 g5
16.h3 Nb8d7
17.Na4c5 Nd7xc5
18.dxc5 Bd6c7
19.Nf3d4 Qd8f6
20.b4 a6
21.a4 Bc7e5
22.Qc1b2 f4
23.Bd3xe4 dxe4
24.Ra1d1 fxe3
25.fxe3 Qf6g7
26.Qb2b3 Kh8
27.Nd4f5 Qg7f6
28.Nf5d6 Qf6e6
29.Nd6f7 Kh7
30.Qb3b1 Re8e7
31.Nf7xe5 Qe6xe5
32.b5 axb5
33.axb5 Bc6d7
34.c6 bxc6
35.bxc6 Bd7xc6
36.Qb1c2 Bc6d5
37.Rd1d4 Re7a7
38.Rf1d1 Ra7a2
39.Qc2c5 Qe5g3
40.Qc5e7 Kh8
41.Qe7f6 Kh7
42.Qf6f5 Kh8
43.Qf5f6 Kh7
{ nul }1/2-1/2

[Event "Eq:modesty-Fair play :"]
[Site "www.echecsemail.com"]
[Date "2026.01.25"]
[Round "1"]
[White "Mpatruyo"]
[Black "Mb2021"]
[WhiteElo "2420"]
[BlackElo "2100"]
[Result "1-0"]
1.c4 c5
2.Nb1c3 g6
3.g3 Bf8g7
4.Bf1g2 Nb8c6
5.Ng1f3 Ng8f6
6.O-O O-O
7.d4 cxd4
8.Nf3xd4 a6
9.c5 Nc6xd4
10.Qd1xd4 Nf6e8
11.Qd4d3 Ne8c7
12.Rf1d1 Nc7e6
13.Bc1e3 Qd8a5
14.Nc3d5 Ne6xc5
15.Nd5xe7 Kh8
16.Qd3d5 d6
17.Qd5xd6 Nc5e6
18.Ne7d5 Qa5d8
19.Nd5b6 Qd8xd6
20.Rd1xd6 Ra8b8
21.Rd6d2 h6
22.Ra1d1 g5
23.Rd2c2 Bg7f6
24.Rd1c1 { abandon }1-0

[Event "Défi"]
[Site "www.echecsemail.com"]
[Date "2026.01.26"]
[Round "1"]
[White "Junior1966"]
[Black "Steflam"]
[WhiteElo "1490"]
[BlackElo "1170"]
[Result "1-0"]
1.d4 d5
2.Ng1f3 Nb8c6
3.Nb1c3 Bc8g4
4.e3 e6
5.Bf1e2 Bf8b4
6.Bc1d2 Ng8f6
7.a3 Bb4d6
8.O-O O-O
9.h3 Bg4xf3
10.Be2xf3 a6
11.a4  { temps }1-0

[Event "Défi( 10J+24H/c 10J Max )"]
[Site "www.echecsemail.com"]
[Date "2026.01.26"]
[Round "1"]
[White "Blackbishop"]
[Black "Vb83"]
[WhiteElo "1810"]
[BlackElo "1490"]
[Result "1-0"]
1.e4 e6
2.d4 Ng8f6
3.e5 Nf6d5
4.Ng1f3 h6
5.Bf1c4 c6
6.Bc4xd5 cxd5
7.O-O Nb8c6
8.c3 Bf8e7
9.Bc1e3 O-O
10.h3 b6
11.Nb1d2 Bc8a6
12.Rf1e1 f6
13.Nd2f1 f5
14.Be3f4 g5
15.Bf4d2 f4
16.Qd1c2 Rf8f5
17.Nf1h2 h5
18.g4 fxg3
19.fxg3 g4
20.hxg4 hxg4
21.Nh2xg4 Rf5xf3
22.Qc2g6 Kf8
23.Bd2h6 1-0

[Event "Défi"]
[Site "www.echecsemail.com"]
[Date "2026.01.26"]
[Round "1"]
[White "Kawa750"]
[Black "Vvvv"]
[WhiteElo "1750"]
[BlackElo "1660"]
[Result "0-1"]
1.e4 e5
2.Ng1f3 Nb8c6
3.Nb1c3 Ng8f6
4.Bf1c4 g6
5.O-O Bf8g7
6.d3 h6
7.Bc1e3 O-O
8.Nc3d5 d6
9.a3 a6
10.Nd5xf6 Qd8xf6
 { temps }0-1

[Event "ANGOULEME"]
[Site "www.echecsemail.com"]
[Date "2026.01.26"]
[Round "1"]
[White "Mindthegap"]
[Black "Petitlulu64"]
[WhiteElo "1450"]
[BlackElo "1690"]
[Result "0-1"]
1.e4 e5
2.Ng1f3 Ng8f6
3.Nf3xe5 d6
4.Ne5f3 Nf6xe4
5.d3 Ne4c5
6.Qd1e2 Bf8e7
7.Nf3g5 O-O
8.Nb1c3 Be7xg5
9.Bc1xg5 f6
10.Bg5e3 Bc8e6
 { temps }0-1

[Event "Coupe Niveau 2"]
[Site "www.echecsemail.com"]
[Date "2026.01.26"]
[Round "1"]
[White "4x4"]
[Black "Domenico"]
[WhiteElo "1470"]
[BlackElo "1740"]
[Result "0-1"]
1.e4 e5
2.f4 exf4
3.Ng1f3 Bf8e7
4.d3 Be7h4
5.g3 fxg3
6.hxg3 Bh4xg3
7.Ke2 d5
8.Nb1c3 Bc8g4
9.Nc3xd5 c6
10.Bc1e3 cxd5
11.exd5 Qd8xd5
12.Bf1g2 Nb8c6
13.b3 Nc6e5
14.Kd2 Bg4xf3
15.Bg2xf3 Ne5xf3
16.Kc1 Nf3d4
17.Be3xd4 Qd5xd4
18.Qd1e2 Ng8e7
19.Kd2 Bg3f4
20.Ke1 Qd4xa1
21.Qe2d1 Qa1c3
22.Ke2 Ne7f5
23.Rh1e1 O-O
24.Kf3 Bf4h6
25.Re1e4 Ra8e8
26.Qd1e2 Re8xe4
27.Qe2xe4 Nf5d4
28.Kg4 Qc3c8
29.Kg3 Nd4f5
30.Kf3 Rf8e8
31.Qe4c4 Re8e3
32.Kf2 Qc8xc4
33.bxc4 Nf5d4
34.c3 Nd4c2
35.d4 Re3xc3
36.c5 Nc2xd4
37.a4 Rc3xc5
38.Kg3 Nd4e2
39.Kf3 Ne2c3
40.Kg4 Nc3xa4
41.Kh4 Rc5g5
42.Kh3 b5
{ abandon }0-1

[Event "Défi( 10J+24H/c 10J Max )"]
[Site "www.echecsemail.com"]
[Date "2026.01.26"]
[Round "1"]
[White "Pascalou50"]
[Black "Cavalierfou"]
[WhiteElo "1830"]
[BlackElo "1810"]
[Result "1-0"]
1.d4 d5
2.Ng1f3 f6
3.Bc1f4 e6
4.e3 Bf8b4
5.c3 Bb4d6
6.Bf1d3 Bd6xf4
7.exf4 Ng8e7
8.Qd1b3 O-O
9.O-O b6
10.Nb1d2 Qd8d6
11.g3 Nb8c6
12.Qb3c2 f5
13.Nf3e5 Bc8b7
14.Nd2f3 Rf8f6
15.Rf1e1 Nc6d8
16.Re1e2 Ra8c8
17.a3 c5
18.dxc5 bxc5
19.Qc2a4 a6
20.Qa4d7 Qd6xd7
21.Ne5xd7 Rf6g6
22.Ra1e1 c4
23.Bd3c2 Bb7c6
24.Nd7e5 Rg6f6
25.Ne5xc6 Rc8xc6
26.Bc2a4 Rc6c7
27.Nf3g5 Rc7b7
28.Ng5xe6 Nd8xe6
29.Re2xe6 Rf6xe6
30.Re1xe6 Rb7a7
31.Ba4c6 a5
32.Re6d6 Ra7a6
33.Bc6xd5 Ne7xd5
34.Rd6xa6 { abandon }1-0

[Event "Défi( 10J+24H/c 10J Max )"]
[Site "www.echecsemail.com"]
[Date "2026.01.26"]
[Round "1"]
[White "Minon"]
[Black "Poison"]
[WhiteElo "1930"]
[BlackElo "1070"]
[Result "1-0"]
1.e4 e5
2.Ng1f3 Nb8c6
3.Bf1b5 Ng8f6
4.d3 d6
5.Bc1g5 Bf8e7
6.Nb1c3 Bc8g4
7.h3 Bg4xf3
8.Qd1xf3 h6
9.Bb5xc6 bxc6
10.Bg5xf6 Be7xf6
11.g4 Ra8b8
12.O-O-O Rb8b6
13.h4 Rb6a6
14.a3 Ra6a5
15.g5 hxg5
16.h5 Qd8e7
17.Qf3g4 g6
18.Qg4c8 Qe7d8
19.Qc8xd8 Bf6xd8
20.hxg6 Rh8xh1
21.Rd1xh1 fxg6
22.Rh1h6 Kf7
23.Nc3a2 g4
24.Na2b4 Bd8g5
25.Kb1 Bg5xh6
26.Nb4xc6 Ra5b5
27.Nc6xa7 Rb5c5
28.b4 Rc5c3
29.Kb2 Rc3c5
30.bxc5 dxc5
31.Na7c6 Ke6
32.Nc6a5 Bh6d2
33.Na5c4 Bd2e1
34.Nc4e3 Be1xf2
35.Ne3xg4 Bf2d4
36.c3 Bd4xc3
37.Kxc3 Kd6
38.Kc4 c6
39.a4 Ke6
40.Kxc5 Kd7
41.Ng4xe5 Ke6
42.Ne5xg6 Kf6
43.a5 Kxg6
44.a6 Kf6
45.a7 Ke5
46.a8Q Kf4
47.Qa8f8 Ke3
48.e5 Kxd3
49.e6 Ke4
50.e7 Ke5
51.e8Q 1-0

[Event "Défi"]
[Site "www.echecsemail.com"]
[Date "2026.01.26"]
[Round "1"]
[White "Cocola34"]
[Black "Kiki38"]
[WhiteElo "1640"]
[BlackElo "1480"]
[Result "1-0"]
1.e4 e5
2.h4 Ng8f6
3.f3 Bf8c5
4.Ng1e2 Nf6h5
5.g4 Nh5f4
6.Ne2xf4 exf4
7.d3 Bc5d6
8.c3 c5
9.c4 Bd6e5
10.Nb1d2 O-O
11.g5 Nb8c6
12.a3 a6
13.Nd2b3 b6
14.Bf1g2 b5
15.Nb3xc5 d6
16.Nc5b3 b4
17.a4 Qd8b6
18.a5 Qb6a7
19.Qd1e2  { temps }1-0

[Event "Défi"]
[Site "www.echecsemail.com"]
[Date "2026.01.26"]
[Round "1"]
[White "Lectrice"]
[Black "Steflam"]
[WhiteElo "1450"]
[BlackElo "1150"]
[Result "1-0"]
1.d4 d5
2.c4 c5
3.e3 Ng8f6
4.f3 e6
5.Bf1d3 Bf8e7
6.Nb1c3 O-O
7.e4 cxd4
8.Nc3e2 dxe4
9.fxe4 Nb8c6
10.a3 b6
11.Bc1d2 Bc8a6
12.b3 Nc6e5
13.Ne2f4 Ne5g4
14.Qd1f3 e5
15.Nf4e2 b5
16.cxb5 Ba6b7
17.h3 Ng4h6
18.b4 Ra8c8
19.g4 Nf6xe4
20.Bd3xe4 Bb7xe4
21.Qf3xe4 f5
22.Qe4d3  { temps }1-0

[Event "Tournoi n27338"]
[Site "www.echecsemail.com"]
[Date "2026.01.26"]
[Round "1"]
[White "Leredoutable"]
[Black "Pioupiou22"]
[WhiteElo "1780"]
[BlackElo "1750"]
[Result "0-1"]
1.e4 e5
2.Ng1f3 Nb8c6
3.Bf1c4 h6
4.O-O Ng8f6
5.Nb1c3 Bf8b4
6.a3 Bb4xc3
7.bxc3 O-O
8.Rf1e1 d6
9.Bc4b3 Nc6a5
10.Bb3a2 Bc8g4
11.d4 Rf8e8
12.d5 c5
13.Bc1e3 b5
14.Ra1b1 a6
15.h3 Bg4h5
16.g4 Bh5g6
17.g5 hxg5
18.Be3xg5 Na5b7
19.c4 Qd8e7
20.c3 Bg6h5
21.Qd1d3 Re8b8
22.Nf3h4 Qe7d7
23.Nh4f5 Nf6h7
24.Bg5h4 Rb8e8
25.Qd3g3 f6
26.f4 Kh8
27.Rb1b2 Re8f8
28.Rb2g2 Rf8g8
29.Qg3h2 bxc4
30.Ba2xc4 Qd7a4
31.Bc4f1 Qa4xa3
32.Rg2c2 Qa3a4
33.Rc2c1 Qa4e8
34.Qh2g2 a5
35.Bh4g3 a4
36.Nf5h4 a3
37.f5 a2
38.Bf1e2 g5
39.Nh4f3 Nb7a5
40.h4 Na5b3
41.Rc1a1 Nb3xa1
42.Re1xa1 Qe8b8
43.Nf3d2 Bh5xe2
44.Qg2xe2 Qb8b2
45.Qe2d3 Qb2xa1
46.Kh2 Qa1d1
47.hxg5 Nh7xg5
48.Qd3e3 a1Q
49.Kg2 Qd1h1
50.Kf2 Ng5h3
{ abandon }0-1

[Event "ZGOUGOU"]
[Site "www.echecsemail.com"]
[Date "2026.01.26"]
[Round "1"]
[White "Kawa750"]
[Black "Casisimed"]
[WhiteElo "1740"]
[BlackElo "1620"]
[Result "0-1"]
1.e4 e5
2.Ng1f3 Nb8c6
3.Nb1c3 Ng8f6
4.Bf1c4 Bf8c5
5.h3 O-O
6.O-O d6
7.d3 a6
 { temps }0-1

[Event "Défi"]
[Site "www.echecsemail.com"]
[Date "2026.01.26"]
[Round "1"]
[White "Kawa750"]
[Black "Pourquoipas"]
[WhiteElo "1810"]
[BlackElo "1660"]
[Result "0-1"]
1.e4 c6
2.Ng1f3 d5
3.exd5 cxd5
4.d4 Nb8c6
5.Nb1c3 e6
6.Bc1g5 Bf8e7
7.Bg5xe7 Ng8xe7
8.Bf1b5 O-O
9.O-O a6
10.Bb5d3 Ne7f5
11.Bd3xf5 exf5
12.Rf1e1 Qd8f6
13.a4 a5
14.Nc3xd5 Qf6d6
15.Nd5b6 Ra8a6
16.Nb6xc8 Rf8xc8
17.c3 Nc6e7
18.Re1e5 f4
19.Qd1e2 Rc8e8
20.Ra1e1 Kf8
21.Nf3g5 Qd6g6
22.Re5xe7 Ra6e6
23.Re7xe8 Kxe8
 { temps }0-1

[Event "Défi"]
[Site "www.echecsemail.com"]
[Date "2026.01.26"]
[Round "1"]
[White "Castor"]
[Black "Kawa750"]
[WhiteElo "1350"]
[BlackElo "1800"]
[Result "1-0"]
1.d4 e6
2.e4 c5
3.Ng1f3 cxd4
4.Nf3xd4 Nb8c6
5.Nd4f3 d5
6.e5 Qd8c7
7.Bc1f4 Bf8b4
8.c3 Bb4a5
9.Bf1b5 a6
10.Bb5a4 Ng8e7
11.O-O b5
12.Ba4c2 Ba5b6
13.Kh1 Ne7g6
14.Bf4g3 O-O
15.Rf1e1 Bb6a7
16.Nb1d2 Bc8b7
17.b4  { temps }1-0

[Event "Défi"]
[Site "www.echecsemail.com"]
[Date "2026.01.26"]
[Round "1"]
[White "Kawa750"]
[Black "Chomi64"]
[WhiteElo "1800"]
[BlackElo "1860"]
[Result "0-1"]
1.e4 d5
2.e5 c5
3.Ng1f3 e6
4.d4 h6
5.Bc1e3 c4
6.Bf1e2 Nb8c6
7.O-O Ng8e7
8.Nb1c3 a6
9.a3 Ne7f5
10.Be3f4 Qd8b6
11.Ra1b1 Nc6xd4
12.Nf3xd4 Nf5xd4
13.Bf4e3 Nd4xe2
14.Qd1xe2 Qb6c7
15.Be3d4 Bf8e7
16.Qe2g4 O-O
17.Nc3e2 Bc8d7
18.Ne2g3 Rf8d8
19.Ng3h5 Be7f8
20.f4 Qc7a5
 { temps }0-1

[Event "Memorial Lara CIII"]
[Site "www.echecsemail.com"]
[Date "2026.01.26"]
[Round "1"]
[White "Connecticcut"]
[Black "Leredoutable"]
[WhiteElo "1860"]
[BlackElo "1760"]
[Result "1-0"]
1.c4 e5
2.e4 Ng8f6
3.Nb1c3 Bf8c5
4.d3 Nb8c6
5.Bc1e3 b6
6.Be3xc5 bxc5
7.Ng1f3 Nc6d4
8.Nf3xd4 cxd4
9.Nc3d5 c6
10.Nd5xf6 Qd8xf6
11.Bf1e2 d6
12.O-O c5
13.Qd1a4 Bc8d7
14.Qa4a5 O-O
15.h3 Bd7c6
16.a3 Qf6g5
17.b4 Qg5d2
18.Rf1e1 f5
19.Ra1d1 Qd2f4
20.f3 Qf4g3
21.bxc5 Rf8f6
22.Be2f1 f4
23.cxd6 Rf6xd6
24.Qa5xe5 Rd6g6
25.Rd1d2 Ra8e8
26.Qe5xd4 Qg3xh3
27.Kf2 Qh3g3
28.Ke2 Bc6a4
29.Qd4d5 Kh8
30.d4 Rg6g5
31.e5 Rg5f5
32.Re1b1 Qg3g6
33.Rd2b2 Rf5f8
34.Kd2 Qg6g3
35.Kc3 Qg3g6
36.Bf1d3 Qg6a6
37.Rb2b4 Ba4c6
38.Qd5d6 Qa6xa3
39.Rb4b3 Qa3a5
40.Rb3b4 Qa5a3
41.Rb4b3 Qa3a5
42.Qd6b4 Qa5c7
43.Bd3e4 a5
44.Qb4b6 Qc7xb6
45.Rb3xb6 Bc6xe4
46.fxe4 g5
47.e6 g4
48.d5 f3
49.gxf3 Rf8xf3
50.Kd4 g3
51.Rb6b2 Rf3f4
52.Ke5 Rf4f8
53.d6 h5
54.c5 h4
55.c6 h3
56.c7 g2
57.d7 Re8a8
58.e7 Rf8f1
59.Rb2b8 Ra8xb8
60.cxb8Q Kg7
61.e8Q g1Q
62.Qe8g8 Kh6
63.Qg8xg1 Rf1xg1
64.Rb1xg1 { abandon }1-0

[Event "Tournoi n27380"]
[Site "www.echecsemail.com"]
[Date "2026.01.26"]
[Round "1"]
[White "Verson"]
[Black "Onetwoyve"]
[WhiteElo "1860"]
[BlackElo "1910"]
[Result "0-1"]
1.d4 d5
2.Ng1f3 Bc8g4
3.e3 Ng8f6
4.Bf1d3 Nb8d7
5.Nb1d2 e5
6.dxe5 Nd7xe5
7.Bd3e2 Bf8d6
8.O-O O-O
9.h3 Bg4h5
10.Nf3xe5 Bh5xe2
11.Qd1xe2 Bd6xe5
12.Nd2f3 Be5d6
13.b3 c6
14.Bc1b2 Bd6c7
15.Ra1d1 Nf6e4
16.c4 f5
17.cxd5 cxd5
18.Rd1d3 Qd8d6
19.Rf1d1 Ra8d8
20.Bb2e5 Qd6e7
21.Rd3xd5 Ne4c3
22.Qe2c4 Nc3xd5
23.Rd1xd5 Rd8xd5
24.Qc4xd5 Kh8
25.Be5xc7 Qe7xc7
26.Nf3d4 Qc7c8
27.Nd4e6 Rf8e8
28.Ne6f4 Re8d8
29.Qd5f7 Rd8d7
30.Qf7e6 Rd7d1
31.Kh2 Qc8xe6
32.Nf4xe6 Rd1d2
33.f3 Rd2xa2
34.Ne6d4 g6
35.Kg3 Ra2b2
36.e4 fxe4
37.fxe4 Rb2d2
38.Kf3 Rd2xd4
{ abandon }0-1

[Event "Coupe Niveau 4"]
[Site "www.echecsemail.com"]
[Date "2026.01.26"]
[Round "1"]
[White "Luc20"]
[Black "Alain64"]
[WhiteElo "1830"]
[BlackElo "2070"]
[Result "0-1"]
1.d4 f5
2.c4 Ng8f6
3.Nb1c3 e6
4.Ng1f3 Bf8b4
5.a3 Bb4xc3
6.bxc3 O-O
7.g3 c5
8.Qd1c2 Qd8a5
9.Bc1b2 cxd4
10.Nf3xd4 Nb8c6
11.e3 d5
12.Bf1e2 Nc6e5
13.Nd4b3 Qa5c7
14.c5 Bc8d7
15.a4 Rf8c8
16.O-O Ne5c4
17.Rf1c1 b6
18.cxb6 axb6
19.Be2xc4 Qc7xc4
20.Nb3d2 Qc4e2
21.Rc1d1 Nf6e4
22.Qc2c1 Qe2xf2
23.Kh1 Qf2xe3
24.Qc1c2 Bd7c6
25.Nd2f1 Qe3f3
26.Qc2g2 Ne4f2
27.Kg1 Qf3xg2
28.Kxg2 Nf2xd1
29.Ra1xd1 Bc6xa4
30.Rd1e1 Kf7
31.Nf1d2 Ba4c2
32.Kf2 Ra8a2
{ abandon }0-1

[Event "Eq:Les Rois du Succes-Pirates du Mat :"]
[Site "www.echecsemail.com"]
[Date "2026.01.26"]
[Round "1"]
[White "Breton"]
[Black "Shoryuken59"]
[WhiteElo "1970"]
[BlackElo "2090"]
[Result "1-0"]
1.e4 e5
2.Ng1f3 Ng8f6
3.d4 Nf6xe4
4.Bf1d3 Nb8c6
5.Nf3xe5 Nc6xe5
6.Bd3xe4 d5
7.dxe5 dxe4
8.Qd1xd8 Kxd8
9.Bc1g5 Bf8e7
10.Bg5xe7 Kxe7
11.Nb1c3 Rh8d8
12.Nc3xe4 Bc8f5
13.Ne4g3 Bf5e6
14.O-O Rd8d2
15.Ra1c1 Ra8d8
16.b3 g6
17.Ng3e4 Rd2e2
18.Rf1e1 Re2xe1
19.Rc1xe1 Be6f5
20.h3 h5
21.Re1e2 Rd8d1
22.Kh2 Bf5xe4
23.Re2xe4 Rd1d2
24.Re4c4 c6
25.Kg3 g5
26.Kf3 Ke6
27.Ke3 Rd2d5
28.f4 gxf4
29.Kxf4 Rd5xe5
30.Rc4e4 Re5xe4
31.Kxe4 b6
32.b4 Kf6
33.Kf4 Kg6
34.Ke5 Kg5
35.c4 f5
36.Kd6 Kf4
37.Kxc6 Kg3
38.Kd5 Kxg2
39.Ke5 Kxh3
40.c5 bxc5
41.bxc5 f4
42.Kxf4 h4
43.Kf3 a5
44.c6 Kh2
45.Kf2 { abandon }1-0

[Event "Coupe Niveau 5"]
[Site "www.echecsemail.com"]
[Date "2026.01.26"]
[Round "1"]
[White "Verson"]
[Black "Carrighir"]
[WhiteElo "1850"]
[BlackElo "2110"]
[Result "1-0"]
1.d4 f5
2.Ng1f3 Ng8f6
3.e3 e6
4.Bf1d3 d5
5.Nb1d2 Bf8d6
6.O-O O-O
7.b3 c5
8.Bc1b2 Nb8c6
9.c4 cxd4
10.Nf3xd4 e5
11.Nd4xc6 bxc6
12.cxd5 cxd5
13.Ra1c1 Bc8b7
14.Qd1e2 Nf6g4
15.f3 Ng4h6
16.Rf1d1 Qd8h4
17.e4 fxe4
18.fxe4 Nh6g4
19.g3 Qh4h3
20.Qe2g2 Qh3xg2
21.Kxg2 Ng4e3
22.Kg1 Ne3xd1
23.Rc1xd1 Bd6c5
24.Kh1 Rf8f2
25.Bb2xe5 dxe4
26.Nd2xe4 Ra8e8
27.Bd3c4 Kh8
28.Bc4d5 Rf2e2
29.Bd5xb7 Bc5b6
30.Rd1f1 h5
31.Rf1f5 Kh7
32.Rf5xh5 Kg6
33.Rh5g5 { abandon }1-0

[Event "Coupe Niveau 2"]
[Site "www.echecsemail.com"]
[Date "2026.01.26"]
[Round "1"]
[White "Tartu"]
[Black "Panchoa"]
[WhiteElo "1720"]
[BlackElo "1630"]
[Result "1-0"]
1.f4 d6
2.Ng1f3 Ng8f6
3.d3 e6
4.e4 Bf8e7
5.Bf1e2 O-O
6.O-O Nb8c6
7.Nb1c3 e5
8.fxe5 dxe5
9.Bc1g5 Bc8g4
10.Nf3h4 Bg4xe2
11.Qd1xe2 Nc6d4
12.Qe2d1 Nf6g4
13.Bg5xe7 Qd8xe7
14.Qd1xg4 Nd4xc2
15.Nh4f5 Qe7c5
16.d4 Nc2xd4
17.Qg4xg7 1-0

[Event "Transval 3"]
[Site "www.echecsemail.com"]
[Date "2026.01.26"]
[Round "1"]
[White "Petitlulu64"]
[Black "Sam"]
[WhiteElo "1690"]
[BlackElo "1670"]
[Result "0-1"]
1.d4 d5
2.Ng1f3 Bc8g4
3.Nf3e5 Bg4f5
4.e3 Nb8d7
5.Bf1b5 Ng8f6
6.Nb1a3 c6
7.Ne5xd7 Nf6xd7
8.Bb5e2 e5
9.c3 exd4
10.exd4 Bf8d6
11.Qd1b3 Qd8c7
12.h3 O-O
13.O-O Rf8e8
14.Be2f3 Nd7f6
15.Bc1g5 Nf6e4
16.Na3c2 Re8e6
17.Bf3xe4 Bf5xe4
18.Nc2e3 Re6g6
19.Bg5h4 Bd6f4
20.Ne3g4 f5
21.g3 fxg4
22.hxg4 Rg6xg4
23.Kh2 Rg4xh4
24.Kg1 Rh4h1
0-1

[Event "CC Jan26"]
[Site "www.echecsemail.com"]
[Date "2026.01.26"]
[Round "1"]
[White "Alain64"]
[Black "Rons"]
[WhiteElo "2060"]
[BlackElo "2590"]
[Result "0-1"]
1.f4 d5
2.Ng1f3 c5
3.e3 g6
4.Bf1b5 Bc8d7
5.Qd1e2 Ng8f6
6.O-O Bf8g7
7.d4 O-O
8.a4 a6
9.Bb5xd7 Nb8xd7
10.Nb1d2 Ra8c8
11.b3 cxd4
12.Nf3xd4 e6
13.Bc1a3 Rf8e8
14.Ra1c1 Bg7h6
15.c4 e5
16.fxe5 Nd7xe5
17.Nd2f3 Ne5g4
18.Kh1 Bh6xe3
19.h3 Nf6e4
{ abandon }0-1

[Event "Défi"]
[Site "www.echecsemail.com"]
[Date "2026.01.26"]
[Round "1"]
[White "Vvvv"]
[Black "Berjay"]
[WhiteElo "1710"]
[BlackElo "1700"]
[Result "1-0"]
1.e4 e5
2.Ng1f3 Nb8c6
3.Bf1c4 d6
4.h3 Ng8f6
5.Nf3g5 d5
6.exd5 Nf6xd5
7.Ng5xf7 Kxf7
8.Qd1f3 Ke8
9.Bc4xd5 Qd8e7
10.d3 Nc6d4
11.Qf3h5 g6
12.Qh5d1 Qe7d6
13.c4 Bc8f5
14.Nb1c3 Ra8d8
15.O-O c6
16.Bd5e4 h5
17.Bc1e3 Bf8e7
18.a3 Rh8g8
19.Nc3d5 cxd5
20.Be4xd5 Rg8f8
21.Be3xd4 exd4
22.Bd5xb7 Qd6e5
23.Qd1a4 Bf5d7
24.Qa4xa7 Be7d6
25.Ra1e1 Qe5xe1
26.Rf1xe1 Bd6e7
27.Qa7xd4 Rd8b8
28.Qd4e5 Rb8xb7
29.Qe5xe7 1-0

[Event "Coupe Niveau 6"]
[Site "www.echecsemail.com"]
[Date "2026.01.26"]
[Round "1"]
[White "Zax"]
[Black "Alain64"]
[WhiteElo "2290"]
[BlackElo "2090"]
[Result "1-0"]
1.e4 e6
2.Ng1f3 d5
3.e5 c5
4.b4 cxb4
5.d4 Nb8c6
6.a3 bxa3
7.c3 f6
8.Bf1d3 fxe5
9.Nf3xe5 Nc6xe5
10.dxe5 g6
11.O-O Bc8d7
12.Nb1xa3 Bf8xa3
13.Bc1xa3 Ng8e7
14.Qd1f3 Rh8f8
15.Qf3h3 Rf8f7
16.c4 Bd7c6
17.Qh3xe6 Qd8d7
18.cxd5 Qd7xe6
19.dxe6 Rf7f4
20.Ra1d1 Ra8d8
21.Ba3d6 Rf4a4
22.Bd3b1 Bc6d5
23.h3 Bd5xe6
24.Rd1d2 Ne7f5
25.Bb1xf5 Be6xf5
26.g4 Bf5e6
27.f4 Rd8c8
28.f5 gxf5
29.gxf5 Be6c4
30.Rf1e1 Ra4a2
31.Rd2xa2 Bc4xa2
32.e6 Rc8c6
33.Bd6g3 b5
34.Kf2 b4
35.Kf3 Ba2d5
36.Kf4 b3
37.Ke5 Bd5g2
38.f6 Bg2xh3
39.f7 Kf8
40.Kf6 Bh3xe6
41.Re1xe6 Rc6xe6
42.Kxe6 b2
43.Bg3d6 Kg7
44.f8Q { abandon }1-0

[Event "Eq:les modestes-modesty :"]
[Site "www.echecsemail.com"]
[Date "2026.01.26"]
[Round "1"]
[White "Fred"]
[Black "Dedechecs"]
[WhiteElo "2750"]
[BlackElo "2190"]
[Result "1-0"]
1.d4 f5
2.g3 Ng8f6
3.Bf1g2 g6
4.Ng1f3 Bf8g7
5.O-O O-O
6.c4 d6
7.Nb1c3 Qd8e8
8.Rf1e1 Qe8f7
9.b3 Nf6e4
10.Bc1b2 Nb8c6
11.Qd1d3 Nc6b4
12.Qd3b1 c5
13.Re1f1 Bc8d7
14.Nc3xe4 fxe4
15.Qb1xe4 Bd7c6
16.Qe4b1 a5
17.dxc5 dxc5
18.a3 Nb4a6
19.Nf3g5 Qf7e8
20.Bb2xg7 Kxg7
21.Ng5e6 { abandon }1-0